000 00982nam a2200217 i 4500
001 152208
003 ES-MaACL
005 20230906204559.0
008 931025s1895 sp |||| | spa d
100 1 _aBlanco y Rivero, Luis.
_9126010
245 1 4 _aLos diferentes tratamientos de la pneumonia fibrinosa y el método de Z. Petresco
_b: tesis para el Doctorado en Medicina /
_cpor Luis Blanco Rivero.
260 _aSantiago :
_b[s.n.],
_c1895 (
_fImprenta de José M. Paredes)
300 _a120, XV p., [5] h. pleg. ;
_c22 cm.
502 _aTesis--Universidad de Madrid.
530 _aDisponible en formato digital.
594 _aPrecede al tít.: Universidad de Madrid.
650 4 _aNeumonía-
_xTratamiento.
_9157101
752 _aEspaña -
_dSantiago de Compostela
852 _aES-MaACL
_jT-857-F-5
_z-- Enc. hol., conservando la cub. original
_z-- Enc. en un vol. facticio
856 _uhttp://bdh-rd.bne.es/viewer.vm?id=0000056160&page=1
_zBiblioteca Digital Hispánica
999 _c152208
_d152208